000 00644nam a22002057a 4500
003 OSt
005 20260129055856.0
008 260129b |||||||| |||| 00| 0 eng d
020 _a981-265-643-X.
040 _aDWCL-Main lib
_cOC
082 _2Thomasian asian edition
_aCirc. 910 M269a 2006
100 _aMancini, Marc
245 _aAccess :
_bintroduction to travel and tourism
_cMarc Mancini
260 _aSingapore :
_bThomson Learning Asia,
_cc2006.
300 _aXIV, 273 pages :
_billustration ;
_c24 cm.
504 _aIndex.
650 _a1. Tourist trade.
650 _a2. Travel
942 _2ddc
_cBK-CIRC
_eThomasian asian ed.
_kCirc.
_n0
999 _c7979
_d7979